| 000 | 00548nam a22001817a 4500 | ||
|---|---|---|---|
| 005 | 20150915144210.0 | ||
| 010 | _aENG-113923 | ||
| 020 |
_c100.00 _a9789350450642 |
||
| 035 | _aEN-97455 | ||
| 037 |
_bDBAD/PUB _adpl |
||
| 082 | _a881 | ||
| 100 | _aBhat, Daya | ||
| 245 |
_aA maiden of 29 / _cby Daya Bhat |
||
| 260 |
_aCalcutta _bWriters Workshop _c2013 |
||
| 270 |
_a162/92, Lake Gardens, _bCalcutta _e700045 |
||
| 300 |
_a44p. _c22cm(Hb) |
||
| 942 |
_2ddc _cEN _mBHA _h881 |
||
| 999 |
_c96535 _d96535 |
||